European Geography Ending In E - Statistics

General Stats
  • This quiz has been taken 334 times
  • The average score is 13 of 15
Answer Stats
Hint Answer % Correct
Italian city filled with canals Venice
97%
Is the most visited country in the world France
96%
Capital of the Czech Republic Prague
96%
Capital of Serbia Belgrade
92%
Second largest country in Europe Ukraine
90%
Second-longest river in Europe Danube
87%
Country made of thousands of islands Greece
86%
Capital of Italy’s Tuscany region Florence
85%
Currency used in Denmark Krone
83%
Capital of North Macedonia Skopje
83%
Port city in southern France Marseille
82%
Was once the capital of a large empire Rome
82%
Large southern Spanish city Seville
70%
Fourth-most populous city of Germany Cologne
65%
City in the north of England Newcastle
55%
No matching quizzes found
Score Distribution
Percent of People with Each Score
Percentile by Number Answered
Your Score History
You have not taken this quiz